00729nam a2200241 a 4500001001300000003000900013005001700022008004100039020002300080082001800103100001900121245006400140260004100204300000900245500003500254505001000289650001800299700001900317902000800336942000700344952011900351999001700470nice12345678IN_TiNIC20260116014451.0070423s2003 newa grp 000 0 eng  a0761996842 c69500a305.0954bTAN aTandan, Rajesh aDoes Civil Society Matter? Governance in Contemporary India aNew Delhi bSage Publications c2003 a378p aincludes index and biblioraphy2 aIndex aSociety-India1 aTandan, Rajesh bSRS cBK 001040708StackRoom-aHMIbHMId2007-04-23g695.00l0o305.0954 TANp021655r2007-04-23v695.00w2007-04-23yBK c15478d15478